Conservación y uso sostenible de la biodiversidad agrícola : (Registro nro. 18883)

Detalles MARC
000 -CABECERA
Campo de control 01079nam a22003017a 4500
005 - FECHA Y HORA DE LA ULTIMA TRANSACCION
Campo de control 20200104041748.0
008 - ELEMENTOS DE LONGITUD FIJA—INFORMACION GENERAL
Campo de control 160719b2004 ph ||||| |||| 00| 0 spa d
020 ## - ISBN
ISBN 9716140290
040 ## - FUENTE DE CATALOGACIÓN
Agencia catalogadora original CO-BoIAVH
Agencia transcriptora CO-BoIAVH
041 ## - IDIOMA
Código de idioma para texto/pista de sonido o título separado Español
082 ## - NUMERO DE CLASIFICACION DECIMAL DEWEY
Número de clasificación 639.9
Número del ítem C57c
110 2# - ASIENTO PRINCIPAL--NOMBRE CORPORATIVO
Nombre corporativo o de jurisdicción como elemento de entrada Centro Internacional de la papa (cip)
9 (RLIN) 72988
245 1# - MENCION DE TITULO
Título Conservación y uso sostenible de la biodiversidad agrícola :
Parte restante del título Libro de consulta
260 ## - PUBLICACION, DISTRIBUCION, ETC. (PIE DE IMPRENTA)
Lugar de publicación, distribución, etc. Los Baños, Laguna, Filipinas:
Nombre del editor, distribuidor, etc. Centro Internacional de la Papa;
Fecha de publicación, distribución, etc. 2004.
300 ## - DESCRIPCION FISICA
Extensión 3 tomos
505 ## - NOTA DE CONTENIDO
Nota de contenido Vol. 1: Entendiendo la Biodiversidad Agricola
505 ## - NOTA DE CONTENIDO
Nota de contenido Vol. 2: Fortaleciendo el Manejo Local de la Biodiversidad Agricola
505 ## - NOTA DE CONTENIDO
Nota de contenido Vol. 3: Asegurando un Entorno Institucional Favorable para la Biodiversidad Agricola
650 14 - ASIENTO SECUNDARIO DE MATERIA - TERMINO TEMATICO
Término temático o nombre geográfico como elemento de entrada Sostenibilidad
9 (RLIN) 92744
650 14 - ASIENTO SECUNDARIO DE MATERIA - TERMINO TEMATICO
Término temático o nombre geográfico como elemento de entrada Conservación de la biodiversidad
9 (RLIN) 56
650 14 - ASIENTO SECUNDARIO DE MATERIA - TERMINO TEMATICO
Término temático o nombre geográfico como elemento de entrada Uso sostenible
9 (RLIN) 344
650 14 - ASIENTO SECUNDARIO DE MATERIA - TERMINO TEMATICO
Término temático o nombre geográfico como elemento de entrada Entorno agrícola
9 (RLIN) 72993
700 ## - ASIENTO SECUNDARIO - NOMBRE PERSONAL
Nombre personal Gtz
9 (RLIN) 72994
700 ## - ASIENTO SECUNDARIO - NOMBRE PERSONAL
Nombre personal Idrc
9 (RLIN) 72995
700 ## - ASIENTO SECUNDARIO - NOMBRE PERSONAL
Nombre personal Ipgri
9 (RLIN) 73000
700 ## - ASIENTO SECUNDARIO - NOMBRE PERSONAL
Nombre personal Upward
9 (RLIN) 73001
942 ## - ELEMENTOS ADICIONALES (KOHA)
Sistema de clasificación Dewey Decimal Classification
Tipo de ítem Libro
Existencias
Withdrawn status Lost status Sistema de Clasificación Damaged status No para préstamo Colección Inventariado Ubicación Permanente Ubicación actual Fecha de adquisición Fuente de Valor Valor Total Checkouts Número topográfico Inventario / Código de Barras Date last seen Ejemplar Price effective from Forma de adquisición Tipo de material
    Dewey Decimal Classification     General Inventariado 2017 Bogotá Bogotá 19/07/2016 Instituto 25000.00   LB-639.9 C57c 039734 19/07/2016 Ej. 1 V. 1 19/07/2016 Donación Libro
    Dewey Decimal Classification     General Inventariado 2017 Bogotá Bogotá 19/07/2016 Instituto 25000.00   LB-639.9 C57c 039735 19/07/2016 Ej. 1 V. 2 19/07/2016 Donación Libro
    Dewey Decimal Classification     General Inventariado 2017 Bogotá Bogotá 19/07/2016 Instituto 25000.00   LB-639.9 C57c 039736 19/07/2016 Ej. 1 v. 3 19/07/2016 Donación Libro